The Europe of Elites : (Record no. 66282)

MARC details
000 -LEADER
fixed length control field 02600nam a2200253Ii 4500
008 - FIXED-LENGTH DATA ELEMENTS--GENERAL INFORMATION
fixed length control field 221202s xx 000 0 und d
245 #4 - TITLE STATEMENT
Title The Europe of Elites :
Remainder of title A Study into the Europeanness of Europe's Political and Economic Elites
264 ## - PRODUCTION, PUBLICATION, DISTRIBUTION, MANUFACTURE, AND COPYRIGHT NOTICE
Name of producer, publisher, distributor, manufacturer Oxford University Press
Date of production, publication, distribution, manufacture, or copyright notice 2012
300 ## - PHYSICAL DESCRIPTION
Extent 1 online resource (314 pages)
336 ## - CONTENT TYPE
Content type term text
Content type code txt
Source rdacontent
337 ## - MEDIA TYPE
Media type term computer
Media type code c
Source rdamedia
338 ## - CARRIER TYPE
Carrier type term online resource
Carrier type code cr
Source rdacarrier
520 ## - SUMMARY, ETC.
Summary, etc. It has been widely acknowledged that the process of European integration and unification was started and is still pursued as an elite project, designed to put an end to debilitating conflicts and rivalries by consolidating a common power base and by pooling Europe’s economic resources. Nevertheless elites have remained the known unknowns of the European integration process. The present volume is designed to change this. Based on surveys of political and economic elites in 18 European countries, it is a comprehensive study of the visions, fears, cognitions, and values of members of national parliaments and top business leaders underlying their attitudes towards European integration. It also investigates political and economic elites’ embeddedness in transnational networks and their ability to communicate in multicultural settings. Our book strongly supports the view of an elitist character of the process of European integration on the one hand, while challenging the idea that European national elites have merged or are even merging into a coherent Eurelite on the other. As the 11 chapters of this book show, the process of European integration is much more colourful and even contradictory than concepts of a straightforward normative and structural integration suggest. In particular this process is deeply rooted in and conditional on the social and political settings in national contexts. The empirical basis for this book is provided by the data of the international IntUne project, which has for the first time created a comprehensive database combining coordinated surveys of Europe-related attitudes at the elite and general population level.
653 ## - INDEX TERM--UNCONTROLLED
Uncontrolled term Economic Elite
653 ## - INDEX TERM--UNCONTROLLED
Uncontrolled term European Institutions
653 ## - INDEX TERM--UNCONTROLLED
Uncontrolled term Europeanization
653 ## - INDEX TERM--UNCONTROLLED
Uncontrolled term Europeanness
653 ## - INDEX TERM--UNCONTROLLED
Uncontrolled term Representation
700 1# - ADDED ENTRY--PERSONAL NAME
Personal name Best, Heinrich
700 1# - ADDED ENTRY--PERSONAL NAME
Personal name Lengyel, György
700 1# - ADDED ENTRY--PERSONAL NAME
Personal name Verzichelli, Luca
856 ## - ELECTRONIC LOCATION AND ACCESS
Uniform Resource Identifier <a href="https://library.oapen.org/bitstream/20.500.12657/33856/1/453477.pdfhttp://ukcatalogue.oup.com/product/9780199602315.do#.UhyGDawwr_khttp://library.oapen.org/handle/20.500.12657/33856">https://library.oapen.org/bitstream/20.500.12657/33856/1/453477.pdfhttp://ukcatalogue.oup.com/product/9780199602315.do#.UhyGDawwr_khttp://library.oapen.org/handle/20.500.12657/33856</a>
942 ## - ADDED ENTRY ELEMENTS (KOHA)
Koha item type E-Book
Holdings
Withdrawn status Damaged status Not for loan Home library Current library Date acquired Total Checkouts Date last seen Price effective from Koha item type
      Directory of Open Access Books Directory of Open Access Books 11/28/2022   11/28/2022 11/28/2022 E-Book

University of Rizal System
Email us at univlibservices@urs.edu.ph

Visit our Website www.urs.edu.ph/library